Прагматичний аспект використання топонімів у мові американського тижневика "Newsweek" (Запис № 284158)

МАРК-запис
000 -LEADER
fixed length control field 01994nam a22001577a 4500
041 ## - LANGUAGE CODE
Language code of text/sound track or separate title ukr
080 ## - UNIVERSAL DECIMAL CLASSIFICATION NUMBER
Universal Decimal Classification number 09
090 ## - LOCALLY ASSIGNED LC-TYPE CALL NUMBER (OCLC); LOCAL CALL NUMBER (OCLC)
Local cutter number (OCLC) ; Book number/undivided call number, CALL (RLIN) ШМА
100 ## - MAIN ENTRY--PERSONAL NAME
Personal name Шмачук О.О.
245 ## - TITLE STATEMENT
Title Прагматичний аспект використання топонімів у мові американського тижневика "Newsweek"
260 ## - PUBLICATION, DISTRIBUTION, ETC. (IMPRINT)
Place of publication, distribution, etc Острог
Name of publisher, distributor, etc КАФ
Date of publication, distribution, etc 2009
300 ## - PHYSICAL DESCRIPTION
Extent 55
520 ## - SUMMARY, ETC.
Summary, etc ВСТУП<br/>РОЗДІЛ 1 ТОПОНІМІЯ ЯК РОЗДІЛ ОНОМАСТИКИ<br/>1.1 Предмет вивчення топонімії.<br/>1.2 Специфіка топонімії англомовних країн.<br/>1.3 Класифікація топонімів.<br/>1.4 Топоніми як відображення духовного та матеріального життя народу та його світосприйняття.<br/>РОЗДІЛ 2 ПРАГМАТИЧНА СПРЯМОВАНІСТЬ ТОПОНІМІВ У МОВІ АМЕРИКАНСЬКОЇ ПУБЛІЦИСТИКИ<br/>2.1 Принцип і основи формування фразеологізмів з топонімічним компонентом та їх функції.<br/>2.2 Прагматичні особливості топонімів у складі фразеологізмів.<br/>РОЗДІЛ 3 СЕМАНТИКО-ЕТИМОЛОГІЧНИЙ АНАЛІЗ АМЕРИКАНСЬКИХ ТОПОНІМІВ<br/>3.1 Особливості американської топонімії.<br/>3.2 Класифікація американських топонімів за системою Меллері.<br/>3.3 Вплив інших мов на формування американських топонімів.<br/>3.4 Форми топонімів.<br/>3.4.1 Прості топоніми.<br/>3.4.2 Складені топоніми.<br/>3.4.3 Складні топоніми.<br/>3.5 Етимологія назв штатів США.<br/>ВИСНОВКИ
-- топонімія,ономастика
650 ## - SUBJECT ADDED ENTRY--TOPICAL TERM
Topical term or geographic name as entry element Research Papers
942 ## - ADDED ENTRY ELEMENTS (KOHA)
Koha item type Книги
Фонди
Withdrawn status Lost status Source of classification or shelving scheme Damaged status Not for loan Home library Current library Date acquired Source of acquisition Cost, normal purchase price Total Checkouts Full call number Barcode Date last seen Price effective from Koha item type
    Universal Decimal Classification     ВІЛ - Відділ іноземн. літератури НБ ВІЛ - Відділ іноземн. літератури НБ 16/04/2009 Акт №1 1.00   09 213401 20/12/2021 16/04/2009 Книги